Paris - Statistiques

Statistiques générales
  • Ce quiz a été pris 85 fois
  • Le résultat moyen est 7 sur 20
Statistiques - réponses
Hint Réponse % Correct
Nombre de lignes de tramway desservant la capitale 4
83%
Ligne de métro ayant le moins de stations 3bis
71%
Gare desservant la Bourgogne et l'Auvergne Gare de Bercy
64%
2e station la plus profonde du métro parisien Abbesses
48%
Bientôt la 3e tour la plus haute de Paris Tour triangle
48%
Couleur du logo du transilien P Orange
47%
Canal allant à Pantin, Meaux... Canal de l'Ourcq
45%
Signification du sigle RER Réseau Express Régional
39%
Gare du RER E dans le 19e Rosa Parks
37%
Arrondissement le plus peuplé Le 15e
36%
Station de correspondance entre la 11 et la 7bis Place des fêtes
32%
Station de métro desservant la mairie du 11e Voltaire
31%
Signification du sigle de la RATP Régie autonome des transports parisiens
29%
Dernière station de métro dans l'ordre alphabétique Wagram
28%
Plus grand parc en terme de superficie Parc de la Villette
21%
Seule commune touchant Paris Ville n'ayant pas de grand transport Le Pré Saint Gervais
19%
Terminus parisien du Tramway 9 Porte de Choisy
17%
Quartier(non officiel) pavillonnaire du 20e La campagne à Paris
13%
Nombre de quartiers administratifs 80
11%
Rue de la mairie du 15e arrondissement Rue Péclet
7%
Aucun quiz correspondant
Distribution des résultats
% des personnes avec chaque résultat
Percentile par nombre de réponses
Votre historique - résultats
Vous n’avez pas pris ce quiz